[Event "Basses Vallees Angevines op 4th"]
[Site "Cantenay Epinard"]
[Date "2015.12.19"]
[Round "3"]
[White "Gentilhomme, Loic"]
[Black "Bremaud, Vincent"]
[Result "1-0"]
[WhiteElo "1588"]
[BlackElo "1299"]
[PlyCount "89"]
[EventDate "2015.12.19"]
[EventType "swiss"]
[EventRounds "5"]
[EventCountry "FRA"]
[SourceTitle "EXT 2019"]
[Source "ChessBase"]
[SourceDate "2018.10.10"]
[SourceVersion "1"]
[SourceVersionDate "2018.10.10"]
[SourceQuality "1"]

1. d4 d5 2. Nf3 Nc6 3. Bg5 f6 4. Bf4 Bf5 5. c3 e6 6. e3 Bd6 7. Bxd6 Qxd6 8. Nh4 Nh6 9. Bb5 Be4 10. Nd2 a6 11. Ba4 e5 12. Nxe4 dxe4 13. 0-0 Rd8 14. g3 0-0 15. Bb3+ Kh8 16. Qe2 exd4 17. cxd4 Nb4 18. Rab1 f5 19. a3 Nd3 20. Bc2 f4 21. gxf4 Qe7 22. Ng2 Rd6 23. f3 Rg6 24. Kh1 c5 25. fxe4 Qxe4 26. Bxd3 Qc6 27. Bxg6 Qxg6 28. Nh4 Qe4+ 29. Qf3 Qe7 30. Ng2 c4 31. e4 Qd6 32. d5 b5 33. e5 Qd7 34. e6 Qd6 35. Rbe1 Nf5 36. Qe4 g6 37. Qe5+ Qxe5 38. fxe5 a5 39. d6 b4 40. axb4 axb4 41. e7 Re8 42. d7 Rxe7 43. d8Q+ Kg7 44. Rxf5 Rb7 45. Qf8# 1-0

[Event "Basses Vallees Angevines op 4th"]
[Site "Cantenay Epinard"]
[Date "2015.12.19"]
[Round "5"]
[White "Gentilhomme, Loic"]
[Black "Le Pen, Steven"]
[Result "0-1"]
[WhiteElo "1588"]
[BlackElo "1967"]
[PlyCount "58"]
[EventDate "2015.12.19"]
[EventType "swiss"]
[EventRounds "5"]
[EventCountry "FRA"]
[SourceTitle "EXT 2019"]
[Source "ChessBase"]
[SourceDate "2018.10.10"]
[SourceVersion "1"]
[SourceVersionDate "2018.10.10"]
[SourceQuality "1"]

1. d4 Nf6 2. Nf3 g6 3. Nc3 d5 4. Bf4 Bg7 5. e3 0-0 6. Be2 c5 7. Ne5 cxd4 8. exd4 Qb6 9. Na4 Qa5+ 10. c3 Nbd7 11. b4 Qd8 12. Qb3 e6 13. 0-0 Qe7 14. Nb2 Ne4 15. f3 Nd6 16. Nbd3 Nb6 17. Nc5 f6 18. Ng4 e5 19. dxe5 fxe5 20. Bg3 Nbc4 21. Bxc4 Nxc4 22. Rfe1 Bxg4 23. fxg4 b6 24. Nd3 Qg5 25. h3 e4 26. Rxe4 Nd2 27. Qc2 Nxe4 28. Bh2 Qe3+ 29. Kh1 Qxd3 0-1

[Event "Basses Vallees Angevines op 4th"]
[Site "Cantenay Epinard"]
[Date "2015.12.19"]
[Round "2"]
[White "Pionnier, Axel"]
[Black "Gentilhomme, Loic"]
[Result "0-1"]
[WhiteElo "1329"]
[BlackElo "1588"]
[PlyCount "94"]
[EventDate "2015.12.19"]
[EventType "swiss"]
[EventRounds "5"]
[EventCountry "FRA"]
[SourceTitle "EXT 2019"]
[Source "ChessBase"]
[SourceDate "2018.10.10"]
[SourceVersion "1"]
[SourceVersionDate "2018.10.10"]
[SourceQuality "1"]

1. e4 c5 2. Nf3 Nc6 3. d4 cxd4 4. Nxd4 e5 5. Nf3 Nf6 6. Nc3 Bb4 7. Bd3 0-0 8. Bg5 h6 9. Bh4 g5 10. Bg3 d6 11. h3 Be6 12. 0-0 Qd7 13. Qd2 Nh7 14. Rad1 Rad8 15. a3 Bc5 16. Rfe1 Bxh3 17. gxh3 Qxh3 18. Qe2 Qxg3+ 19. Kf1 Qh3+ 20. Kg1 Nf6 21. Nh2 Qg3+ 22. Kh1 Qh4 23. Rf1 Nd4 24. Qe3 Ng4 25. Qg3 Qxg3 26. fxg3 Ne3 27. Rc1 Nxf1 28. Rxf1 h5 29. g4 h4 30. Nf3 Nxf3 31. Rxf3 Kg7 32. Nd5 f6 33. Rf5 Rd7 34. Kg2 a6 35. Kf3 b5 36. Ke2 Rb7 37. b4 Ba7 38. Kf3 Kg6 39. Kg2 Rh7 40. Kh3 Rhf7 41. Kg2 Rc8 42. Kh2 Bd4 43. Kg2 Bb2 44. Kh2 Bxa3 45. Kg2 Bc1 46. Kh2 Bd2 47. Kh3 a5 0-1

[Event "Angers op 7th"]
[Site "Angers"]
[Date "2012.04.20"]
[Round "1"]
[White "Picard, Remi"]
[Black "Gentilhomme, Loic"]
[Result "1-0"]
[WhiteElo "2090"]
[BlackElo "1683"]
[PlyCount "63"]
[EventDate "2012.04.20"]
[EventType "swiss"]
[EventRounds "6"]
[EventCountry "FRA"]
[SourceTitle "CBM 148 Extra"]
[Source "ChessBase"]
[SourceDate "2012.06.22"]
[SourceVersion "1"]
[SourceVersionDate "2012.06.22"]
[SourceQuality "1"]

1. e4 Nf6 2. e5 Nd5 3. c4 Nb6 4. d4 d6 5. exd6 cxd6 6. Nc3 Nc6 7. d5 Ne5 8. f4 Ned7 9. Nf3 g6 10. Be3 Bg7 11. Be2 0-0 12. 0-0 Re8 13. Nd4 a6 14. a4 Nf8 15. a5 Nbd7 16. Bf3 e5 17. dxe6 Nxe6 18. Nxe6 Rxe6 19. Bd4 Bxd4+ 20. Qxd4 Qc7 21. Bd5 Re8 22. Ne4 Rb8 23. Nxd6 Rf8 24. f5 Qc5 25. Qxc5 Nxc5 26. fxg6 hxg6 27. Bxf7+ Kg7 28. Rae1 Bd7 29. Re7 Bc6 30. Bd5+ Kh6 31. Nf7+ Kg7 32. Nd8+ 1-0

[Event "Cholet-F"]
[Site "Cholet"]
[Date "2012.02.20"]
[Round "3"]
[White "Hocher, Eugene"]
[Black "Gentilhomme, Loic"]
[Result "1-0"]
[WhiteElo "1755"]
[BlackElo "1691"]
[PlyCount "75"]
[EventDate "2012.02.18"]
[EventType "tourn"]
[EventRounds "7"]
[EventCountry "FRA"]
[SourceTitle "EXT 2013"]
[Source "ChessBase"]
[SourceDate "2012.11.22"]
[SourceVersion "1"]
[SourceVersionDate "2012.11.22"]
[SourceQuality "1"]

1. d4 e6 2. c4 b6 3. Nf3 Bb7 4. e3 f5 5. Be2 Nf6 6. 0-0 Be7 7. Nc3 0-0 8. a3 Ne4 9. Qb3 Bf6 10. Rd1 Nxc3 11. Qxc3 Qe8 12. Qd2 Qg6 13. d5 Na6 14. Qc2 Nc5 15. Nd4 Bxd4 16. Rxd4 e5 17. Rh4 Rae8 18. Rh3 Qf6 19. f3 d6 20. Bd2 g6 21. Rd1 Bc8 22. Be1 f4 23. Rh4 fxe3 24. b4 Nb7 25. Qc3 Qg5 26. Re4 Bh3 27. Bg3 Bf5 28. Rxe3 h5 29. Bf2 Bh3 30. Bf1 Rf7 31. Kh1 Bd7 32. Qe1 Ref8 33. Bg3 Qh6 34. Bd3 g5 35. h4 g4 36. Kh2 gxf3 37. gxf3 Be8 38. Be4 1-0